Pays consommant le plus de pastèque - Statistiques

Statistiques générales
  • Ce quiz a été pris 58 fois
  • Le résultat moyen est 7 sur 11
Statistiques - réponses
Hint Réponse % Correct
70% Chine
90%
10,4% Etats-unis
87%
1,8% Brésil
81%
3,6% Inde
77%
2% Mexique
69%
0,8% Espagne
67%
0,3 Italie
63%
1,1% Egypte
46%
5,2% Turquie
44%
1,4% Iran
33%
3,3% Papouaise
2%
Aucun quiz correspondant
Distribution des résultats
% des personnes avec chaque résultat
Percentile par nombre de réponses
Votre historique - résultats
Vous n’avez pas pris ce quiz